[Event "Mittelfrankenliga 05/06 (B2a)"]
[Site "Mfr.2005/06-R8"]
[Date "2006.04.02"]
[Round "8.5"]
[White "Gueldner, Udo"]
[Black "Ziegler, Ronald"]
[Result "0-1"]
[WhiteElo "1746"]
[BlackElo "1876"]
[Annotator "Siem.Erlangen1-Forchheim3"]
[PlyCount "156"]
[EventDate "2006.04.02"]
[SourceDate "2005.10.17"]

1. d4 d5 2. Nf3 e6 3. e3 Nf6 4. Bd3 c5 5. c3 Nbd7 6. Nbd2 Be7 7. O-O O-O 8. Qe2
b6 9. e4 dxe4 10. Nxe4 Bb7 11. Bf4 cxd4 12. cxd4 Nd5 13. Bd2 N7f6 14. a3 Qb8
15. Ne5 Nxe4 16. Bxe4 Nf6 17. Bc2 Qd8 18. Bc3 Rc8 19. Rac1 Qd5 20. f3 Rc7 21.
Qd3 Bd6 22. Rfe1 Rfc8 23. Bb1 g6 24. h3 Kg7 25. Qe3 Nh5 26. Bd2 Kg8 27. Be4 Qb5
28. Bxb7 Rxc1 29. Rxc1 Rxc1+ 30. Bxc1 Ng3 31. Qd3 Ne2+ 32. Kf2 Nxd4 33. Qxb5
Nxb5 34. Be3 Bxe5 35. Ba6 Nc7 36. Bd3 Bxb2 37. a4 Nd5 38. Bd2 Bd4+ 39. Kg3 Nc3
40. Bxc3 Bxc3 41. Bb5 Kf8 42. Kf4 Ke7 43. Ke3 Kd6 44. Kd3 Bb4 45. Kc4 Bc5 46.
Be8 f6 47. h4 Ke5 48. g4 Kf4 49. Bc6 h5 50. gxh5 gxh5 51. Be8 Kxf3 52. Bxh5+
Kg3 53. Bf7 Kxh4 54. Bxe6 Kg5 55. Kd3 Kf4 56. Bc4 Ke5 57. Ke2 f5 58. Kf3 f4 59.
Bb5 Be3 60. Bc6 Kd4 61. Ke2 Kc5 62. Bb5 Kb4 63. Bc6 a6 64. Kd3 b5 65. axb5 axb5
66. Kc2 Kc4 67. Bf3 b4 68. Be2+ Kd4 69. Bf3 Bf2 70. Kd2 Kc4 71. Bg4 Kb3 72. Kc1
Kc3 73. Bf5 Be3+ 74. Kb1 f3 75. Bh3 Kd2 76. Kb2 Bc5 77. Kb3 Ke1 78. Kc4 Bf8 0-1

[Event "Mittelfrankenliga 05/06 (B2a)"]
[Site "Mfr.2005/06-R8"]
[Date "2006.04.02"]
[Round "8.6"]
[White "Neulaendtner, Josef"]
[Black "Walter, Eugen[58]"]
[Result "1-0"]
[WhiteElo "1714"]
[BlackElo "1798"]
[Annotator "Siem.Erlangen1-Forchheim3"]
[PlyCount "75"]
[EventDate "2006.04.02"]
[SourceDate "2005.10.17"]

1. d4 f5 2. c4 d6 3. Nc3 g6 4. g3 Bg7 5. Bg2 c6 6. Nf3 Nh6 7. Bf4 Nf7 8. h4 h6
9. Qb3 e5 10. dxe5 dxe5 11. Rd1 Qc7 12. Bc1 Be6 13. Nd2 Nd7 14. Qc2 Nf6 15. b3
O-O-O 16. Na4 Kb8 17. Nc5 Bc8 18. Bb2 Rhe8 19. O-O g5 20. Nf3 Bf8 21. Na4 Ng4
22. c5 Rxd1 23. Rxd1 e4 24. Nh2 e3 25. Nxg4 fxg4 26. Bf6 exf2+ 27. Kxf2 gxh4
28. Bxh4 Qe5 29. Qc4 Qe3+ 30. Kf1 Ka8 31. Qd3 Qe5 32. b4 Bf5 33. Qd2 Kb8 34.
Nb2 Be6 35. Nd3 Qf5+ 36. Kg1 Bc4 37. Rf1 Qd7 38. Qf4+ 1-0

[Event "Mittelfrankenliga 05/06 (B2a)"]
[Site "Mfr.2005/06-R8"]
[Date "2006.04.02"]
[Round "8.7"]
[White "Schwab, Edgar"]
[Black "Avdic, Klaudio"]
[Result "1-0"]
[WhiteElo "1866"]
[BlackElo "1668"]
[Annotator "Siem.Erlangen1-Forchheim3"]
[PlyCount "151"]
[EventDate "2006.04.02"]
[SourceDate "2005.10.17"]

1. Nf3 Nf6 2. c4 g6 3. g3 Bg7 4. Bg2 O-O 5. O-O d6 6. d4 Nbd7 7. Nc3 a6 8. Bf4
Re8 9. Qc1 Nh5 10. Bh6 Bh8 11. Rd1 c6 12. b3 Qa5 13. Rb1 Qc7 14. g4 Nhf6 15. h3
b5 16. cxb5 cxb5 17. Qd2 Rb8 18. Rbc1 Qa7 19. Ng5 Bb7 20. e4 e5 21. d5 Rbc8 22.
Kh1 Nf8 23. Qe2 Re7 24. Nf3 N8d7 25. Rc2 Ree8 26. Rdc1 Qb8 27. b4 Nb6 28. Nd2
Nc4 29. Nxc4 Rxc4 30. a3 Rec8 31. Qe1 Nd7 32. Bf1 R4c7 33. Be3 Ba8 34. a4 bxa4
35. Bxa6 Bb7 36. Bb5 a3 37. Qe2 Ba8 38. Ba6 Rf8 39. Na2 Rxc2 40. Qxc2 Nf6 41.
f3 h5 42. Qc7 hxg4 43. hxg4 Nh7 44. b5 Bf6 45. Ba7 Qd8 46. b6 Bg5 47. Rc3 Bd2
48. Qxd8 Rxd8 49. Rxa3 Ng5 50. Kg2 Kg7 51. Rd3 Bf4 52. Rd1 Rh8 53. Rh1 Rxh1 54.
Kxh1 Nxf3 55. Nb4 Nd2 56. Bb5 Nxe4 57. Bc6 Bb7 58. Bxb7 Nc5 59. Bc8 e4 60. Kg2
Kf6 61. Kf1 Ke5 62. Na6 Kxd5 63. Nxc5 dxc5 64. Bb7+ Kd4 65. Ba6 Kc3 66. b7 f5
67. Bxc5 Bb8 68. g5 f4 69. Ke2 Kc2 70. Bc4 Kc3 71. Bf7 e3 72. Bxg6 Kc4 73. Bb6
Kb5 74. Bd4 Kc4 75. Bf6 Kd5 76. Bf5 1-0

[Event "Mittelfrankenliga 05/06 (B2a)"]
[Site "Mfr.2005/06-R8"]
[Date "2006.04.02"]
[Round "8.8"]
[White "Balhar, Rudolf"]
[Black "Theiler, Maximilian"]
[Result "1-0"]
[WhiteElo "1863"]
[BlackElo "1568"]
[Annotator "Siem.Erlangen1-Forchheim3"]
[PlyCount "59"]
[EventDate "2006.04.02"]
[SourceDate "2005.10.17"]

1. e4 e5 2. Nf3 Nc6 3. Bb5 a6 4. Ba4 Nf6 5. O-O b5 6. Bb3 Bc5 7. c3 d6 8. d4
exd4 9. cxd4 Ba7 10. h3 h6 11. Re1 O-O 12. a3 Bb7 13. Nc3 Ne7 14. Bf4 Ng6 15.
Bh2 Re8 16. Bc2 Re7 17. Qd3 Qe8 18. Rad1 d5 19. exd5 Nxd5 20. Rxe7 Qxe7 21. Re1
Qf6 22. Ne4 Qb6 23. Nc5 Nf6 24. Ne5 Re8 25. Kf1 Nxe5 26. Bxe5 g6 27. Nxb7 Rxe5
28. Rxe5 Qxb7 29. Bb3 c6 30. Qxg6+ 1-0

[Event "Mittelfrankenliga 05/06 (B2a)"]
[Site "Mfr.2005/06-R9"]
[Date "2006.04.30"]
[Round "9.1"]
[White "Krisin, Joachim"]
[Black "Regnat, Markus"]
[Result "1/2-1/2"]
[WhiteElo "1898"]
[BlackElo "2061"]
[Annotator "Neumarkt1-Siem.Erlangen1"]
[PlyCount "21"]
[EventDate "2006.04.30"]
[SourceDate "2005.10.17"]

1. b3 g6 2. Bb2 Nf6 3. f4 Bg7 4. Nf3 d6 5. e3 c6 6. Be2 Nbd7 7. O-O Qc7 8. c4
O-O 9. Nc3 e5 10. fxe5 dxe5 11. d3 1/2-1/2

[Event "Mittelfrankenliga 05/06 (B2a)"]
[Site "Mfr.2005/06-R9"]
[Date "2006.04.30"]
[Round "9.2"]
[White "Brunner, Wolfgang"]
[Black "Guenther, Torsten"]
[Result "1/2-1/2"]
[WhiteElo "1925"]
[BlackElo "1969"]
[Annotator "Neumarkt1-Siem.Erlangen1"]
[PlyCount "24"]
[EventDate "2006.04.30"]
[SourceDate "2005.10.17"]

1. d4 d5 2. c4 e6 3. Nc3 Nf6 4. Bg5 Be7 5. e3 O-O 6. Nf3 h6 7. Bh4 c6 8. a3
dxc4 9. Bxc4 Nd5 10. Bxd5 exd5 11. Bg3 Bf5 12. Ne5 Nd7 1/2-1/2

[Event "Mittelfrankenliga 05/06 (B2a)"]
[Site "Mfr.2005/06-R9"]
[Date "2006.04.30"]
[Round "9.5"]
[White "Fainberg, Jakob"]
[Black "Moesl, Sebastian"]
[Result "1/2-1/2"]
[WhiteElo "1966"]
[BlackElo "1793"]
[Annotator "Neumarkt1-Siem.Erlangen1"]
[PlyCount "22"]
[EventDate "2006.04.30"]
[SourceDate "2005.10.17"]

1. d4 d5 2. c4 e6 3. Nc3 Nf6 4. Nf3 Be7 5. Bf4 c6 6. e3 O-O 7. Rc1 Re8 8. Bd3
Nbd7 9. O-O dxc4 10. Bxc4 Nb6 11. Bd3 Nfd5 1/2-1/2

[Event "Mittelfrankenliga 05/06 (B2a)"]
[Site "Mfr.2005/06-R9"]
[Date "2006.04.30"]
[Round "9.6"]
[White "Runde, Eduard"]
[Black "Ziegler, Ronald"]
[Result "1/2-1/2"]
[WhiteElo "1614"]
[BlackElo "1876"]
[Annotator "Neumarkt1-Siem.Erlangen1"]
[PlyCount "21"]
[EventDate "2006.04.30"]
[SourceDate "2005.10.17"]

1. e4 d5 2. e5 Bf5 3. d4 e6 4. a3 c5 5. Nf3 Nc6 6. Bb5 Rc8 7. Be3 c4 8. Bxc6+
bxc6 9. b3 cxb3 10. cxb3 c5 11. O-O 1/2-1/2

[Event "Mittelfrankenliga 05/06 (B2a)"]
[Site "Mfr.2005/06-R9"]
[Date "2006.04.30"]
[Round "9.8"]
[White "Maertin, Eberhard"]
[Black "Berndt, Wolfgang"]
[Result "1/2-1/2"]
[WhiteElo "1683"]
[BlackElo "1563"]
[Annotator "Neumarkt1-Siem.Erlangen1"]
[PlyCount "21"]
[EventDate "2006.04.30"]
[SourceDate "2005.10.17"]

1. d4 e6 2. Nc3 d5 3. Nf3 Nf6 4. Bg5 Be7 5. e3 O-O 6. Bd3 b6 7. Bxf6 Bxf6 8.
Ne2 Bb7 9. c3 Nd7 10. Rc1 Re8 11. Bb1 1/2-1/2

[Event "Mittelfrankenliga 05/06 (B2a)"]
[Site "Mfr.2005/06-R9"]
[Date "2006.04.30"]
[Round "9.2"]
[White "Haubold, Martin"]
[Black "Koerber, Thomas"]
[Result "1/2-1/2"]
[WhiteElo "2005"]
[BlackElo "1920"]
[Annotator "Forchheim3-SF Fürth2"]
[PlyCount "28"]
[EventDate "2006.04.30"]
[SourceDate "2005.10.17"]

1. d4 f5 2. e4 fxe4 3. Nc3 Nf6 4. Bg5 Nc6 5. d5 Ne5 6. Qd4 Nf7 7. Bxf6 exf6 8.
Nxe4 Be7 9. O-O-O O-O 10. Nf3 f5 11. Nc3 Bf6 12. Qd2 c5 13. Kb1 d6 14. g3 Bd7
1/2-1/2

[Event "Mittelfrankenliga 05/06 (B2a)"]
[Site "Mfr.2005/06-R9"]
[Date "2006.04.30"]
[Round "9.3"]
[White "Beck, Gerhard[46]"]
[Black "Radeck, Jochen,Dr."]
[Result "1/2-1/2"]
[WhiteElo "1935"]
[BlackElo "1888"]
[Annotator "Forchheim3-SF Fürth2"]
[PlyCount "49"]
[EventDate "2006.04.30"]
[SourceDate "2005.10.17"]

1. c4 Nf6 2. Nc3 g6 3. d4 Bg7 4. e4 d6 5. Bd3 O-O 6. Nge2 Nc6 7. f3 e5 8. d5
Ne7 9. Be3 c5 10. dxc6 bxc6 11. Qd2 d5 12. Bc5 d4 13. Na4 Nd7 14. Ba3 Re8 15.
b3 Nf8 16. g4 Ne6 17. h4 h6 18. c5 Qc7 19. Nb2 Nf4 20. Nxf4 exf4 21. Nc4 Be6
22. Nd6 Rf8 23. Bb4 a5 24. Ba3 Be5 25. Bb2 1/2-1/2

[Event "Mittelfrankenliga 05/06 (B2a)"]
[Site "Mfr.2005/06-R9"]
[Date "2006.04.30"]
[Round "9.4"]
[White "Walter, Eugen[58]"]
[Black "Vinokur, Mykhaylo"]
[Result "0-1"]
[WhiteElo "1798"]
[BlackElo "1787"]
[Annotator "Forchheim3-SF Fürth2"]
[PlyCount "80"]
[EventDate "2006.04.30"]
[SourceDate "2005.10.17"]

1. Nf3 Nf6 2. b3 g6 3. Bb2 Bg7 4. e3 d6 5. Be2 O-O 6. c4 e5 7. d3 Nc6 8. Nbd2
Bd7 9. a3 a5 10. Qc2 b6 11. O-O Ne8 12. d4 exd4 13. exd4 Bf5 14. Bd3 Bxd3 15.
Qxd3 Qd7 16. Bc3 Rd8 17. b4 axb4 18. axb4 Nf6 19. d5 Ne7 20. Ra7 Ra8 21. Rfa1
Rxa7 22. Rxa7 Rc8 23. Nd4 Ne8 24. h3 Qd8 25. N2f3 Ra8 26. Rxa8 Qxa8 27. Qe3 Qd8
28. g3 h6 29. Kg2 Qd7 30. Nb5 Nxd5 31. Qd2 Nxc3 32. Nxc3 Bxc3 33. Qxc3 Qe6 34.
Qd4 c5 35. bxc5 bxc5 36. Qh4 Kg7 37. Qf4 g5 38. Qd2 Qxc4 39. Qb2+ Nf6 40. Qb8
Qd3 0-1

[Event "Mittelfrankenliga 05/06 (B2a)"]
[Site "Mfr.2005/06-R9"]
[Date "2006.04.30"]
[Round "9.5"]
[White "Buchta, Juergen"]
[Black "Schwab, Edgar"]
[Result "0-1"]
[WhiteElo "1763"]
[BlackElo "1866"]
[Annotator "Forchheim3-SF Fürth2"]
[PlyCount "68"]
[EventDate "2006.04.30"]
[SourceDate "2005.10.17"]

1. e4 c6 2. d4 d5 3. exd5 cxd5 4. Nf3 Nc6 5. c3 e6 6. Bf4 Bd6 7. Bxd6 Qxd6 8.
Bd3 Nge7 9. Nbd2 O-O 10. O-O Ng6 11. Bxg6 hxg6 12. Re1 Qf4 13. Nf1 b6 14. Qd2
Qxd2 15. N1xd2 Ba6 16. Ne5 Nxe5 17. Rxe5 Rfc8 18. Rae1 Bc4 19. Nxc4 Rxc4 20. f4
b5 21. a3 a5 22. Ra1 Rac8 23. Re3 b4 24. axb4 axb4 25. Ra4 Rb8 26. g4 bxc3 27.
Rxc4 cxb2 28. Rcc3 b1=Q+ 29. Kg2 Rb2+ 30. Kg3 Qg1+ 31. Kh4 Qxh2+ 32. Rh3 Qxf4
33. Ra3 Rg2 34. Rhg3 Qh6# 0-1

[Event "Mittelfrankenliga 05/06 (B2a)"]
[Site "Mfr.2005/06-R9"]
[Date "2006.04.30"]
[Round "9.6"]
[White "Geier, Erhard"]
[Black "Holzschuh, Tobias"]
[Result "0-1"]
[WhiteElo "1733"]
[BlackElo "1652"]
[Annotator "Forchheim3-SF Fürth2"]
[PlyCount "70"]
[EventDate "2006.04.30"]
[SourceDate "2005.10.17"]

1. e4 c5 2. Nf3 d6 3. d4 cxd4 4. Nxd4 Nf6 5. Nc3 a6 6. Bc4 e6 7. Bb3 Be7 8. f4
Nbd7 9. Bxe6 fxe6 10. Nxe6 Qa5 11. O-O Kf7 12. Ng5+ Kg8 13. Be3 Nf8 14. b4 Qd8
15. Nd5 Ne6 16. Bb6 Qf8 17. e5 Nxd5 18. Qxd5 Qf5 19. Rad1 dxe5 20. Ne4 h6 21.
fxe5 Qg6 22. Nd6 Kh7 23. c4 Nd8 24. Nxc8 Rxc8 25. Bxd8 Bxd8 26. c5 Re8 27. Qxb7
Bc7 28. e6 a5 29. a3 Qxe6 30. Rde1 Qd7 31. Rd1 Qg4 32. b5 Qh5 33. g3 Re2 34. h4
Qxc5+ 35. Kh1 Bxg3 0-1

[Event "Mittelfrankenliga 05/06 (B2a)"]
[Site "Mfr.2005/06-R9"]
[Date "2006.04.30"]
[Round "9.7"]
[White "Bruckner, Paul"]
[Black "Seuberth, Ludwig"]
[Result "1-0"]
[WhiteElo "1530"]
[BlackElo "1580"]
[Annotator "Forchheim3-SF Fürth2"]
[PlyCount "67"]
[EventDate "2006.04.30"]
[SourceDate "2005.10.17"]

1. e4 e5 2. f4 exf4 3. Nf3 Nc6 4. d4 Be7 5. Bc4 d6 6. Bxf4 h6 7. d5 Na5 8. Bd3
b6 9. O-O Nf6 10. Nc3 O-O 11. Qd2 Nh5 12. Be3 Qd7 13. Nd4 Qe8 14. b4 Nb7 15.
Nc6 a6 16. Qe2 Nf6 17. Bxa6 Bd8 18. Nxd8 Nxd8 19. Bxc8 Rxc8 20. Bd4 Nd7 21. Qg4
f6 22. Rf3 Kh7 23. Rg3 Rg8 24. Rf1 Nf7 25. Qf5+ Kh8 26. Ne2 Nfe5 27. Nf4 g6 28.
Qh3 Kh7 29. Ne6 Qe7 30. b5 Nf8 31. Ng5+ fxg5 32. Qxc8 h5 33. Bxe5 dxe5 34. Rgf3
1-0

[Event "Mittelfrankenliga 05/06 (B2a)"]
[Site "Mfr.2005/06-R9"]
[Date "2006.04.30"]
[Round "9.8"]
[White "Theiler, Maximilian"]
[Black "Hinzmann, Alexander"]
[Result "1-0"]
[WhiteElo "1695"]
[BlackElo "1554"]
[Annotator "Forchheim3-SF Fürth2"]
[PlyCount "85"]
[EventDate "2006.04.30"]
[SourceDate "2005.10.17"]

1. e4 e5 2. Nf3 Nc6 3. d4 exd4 4. Bc4 d6 5. Nxd4 Nxd4 6. Qxd4 Be6 7. Nc3 Nf6 8.
Bg5 Be7 9. O-O O-O 10. Rfe1 Bxc4 11. Qxc4 Nd7 12. Bxe7 Qxe7 13. Qxc7 Rab8 14.
Rad1 Rfc8 15. Qxd6 Qxd6 16. Rxd6 Nc5 17. Red1 Re8 18. f3 h6 19. Kf2 Kf8 20.
R6d5 b6 21. Nb5 a6 22. Nc3 Ne6 23. Rd6 a5 24. Nd5 b5 25. Rc6 Nd8 26. Ra6 a4 27.
Rb6 Ne6 28. Rxb8 Rxb8 29. Nc3 Rc8 30. Rd2 Rc5 31. Rd5 Rc4 32. Rxb5 a3 33. Ke3
axb2 34. Rb8+ Ke7 35. Nd5+ Kd6 36. Rxb2 Nc7 37. Nxc7 Kxc7 38. Kd3 Rc5 39. c4
Ra5 40. Kd4 Kc6 41. g3 Ra3 42. f4 g6 43. Ke5 1-0

[Event "Mittelfrankenliga 05/06 (B2a)"]
[Site "Mfr.2005/06-R9"]
[Date "2006.04.30"]
[Round "9.1"]
[White "Roesel, Gert"]
[Black "Goetz, Dieter[65]"]
[Result "1/2-1/2"]
[WhiteElo "1889"]
[BlackElo "1832"]
[Annotator "Nbg.1911/2-Altensittenbach2"]
[PlyCount "28"]
[EventDate "2006.04.30"]
[SourceDate "2005.10.17"]

1. e4 d6 2. d4 Nf6 3. Nc3 c6 4. Nf3 Bg4 5. Be2 e6 6. O-O Be7 7. a4 O-O 8. h3
Bh5 9. Be3 d5 10. e5 Nfd7 11. Nh2 Bg6 12. f4 c5 13. Nf3 Nc6 14. Qd2 Rc8 1/2-1/2

[Event "Mittelfrankenliga 05/06 (B2a)"]
[Site "Mfr.2005/06-R9"]
[Date "2006.04.30"]
[Round "9.2"]
[White "Hannweber, Markus"]
[Black "Endres, Christian[90]"]
[Result "1/2-1/2"]
[WhiteElo "1882"]
[BlackElo "1720"]
[Annotator "Nbg.1911/2-Altensittenbach2"]
[PlyCount "22"]
[EventDate "2006.04.30"]
[SourceDate "2005.10.17"]

1. e4 c5 2. Nf3 Nc6 3. d4 cxd4 4. Nxd4 Nf6 5. Nc3 e5 6. Ndb5 Bb4 7. a3 Bxc3+ 8.
Nxc3 h6 9. Bc4 O-O 10. O-O d6 11. Kh1 Be6 1/2-1/2

[Event "Mittelfrankenliga 05/06 (B2a)"]
[Site "Mfr.2005/06-R9"]
[Date "2006.04.30"]
[Round "9.3"]
[White "Ammon, Tobias"]
[Black "Dereser, Marc"]
[Result "1/2-1/2"]
[WhiteElo "1789"]
[BlackElo "1851"]
[Annotator "Nbg.1911/2-Altensittenbach2"]
[PlyCount "21"]
[EventDate "2006.04.30"]
[SourceDate "2005.10.17"]

1. e4 c5 2. Nc3 d6 3. Nf3 Nc6 4. d4 cxd4 5. Nxd4 Nf6 6. g3 g6 7. Bg2 Bd7 8. O-O
Bg7 9. Nb3 O-O 10. Nd5 Nxd5 11. exd5 1/2-1/2

[Event "Mittelfrankenliga 05/06 (B2a)"]
[Site "Mfr.2005/06-R9"]
[Date "2006.04.30"]
[Round "9.4"]
[White "Leibing, Kai-Ingo"]
[Black "Walter, Bernd[75]"]
[Result "1/2-1/2"]
[WhiteElo "1850"]
[BlackElo "1675"]
[Annotator "Nbg.1911/2-Altensittenbach2"]
[PlyCount "37"]
[EventDate "2006.04.30"]
[SourceDate "2005.10.17"]

1. b3 Nf6 2. Bb2 e6 3. g3 d5 4. Bg2 Be7 5. Nf3 O-O 6. d3 Nbd7 7. Nbd2 b6 8. e3
Bb7 9. O-O c5 10. c4 Qc7 11. Rc1 Rad8 12. Qc2 Rfe8 13. a3 Ng4 14. h3 Nge5 15.
d4 Nxf3+ 16. Nxf3 Bf6 17. cxd5 Bxd5 18. dxc5 Nxc5 19. Bxf6 1/2-1/2

[Event "Mittelfrankenliga 05/06 (B2a)"]
[Site "Mfr.2005/06-R9"]
[Date "2006.04.30"]
[Round "9.5"]
[White "Schoemig, Anton"]
[Black "Zimmer, Frank,Dr."]
[Result "1/2-1/2"]
[WhiteElo "1866"]
[BlackElo "1807"]
[Annotator "Nbg.1911/2-Altensittenbach2"]
[PlyCount "35"]
[EventDate "2006.04.30"]
[SourceDate "2005.10.17"]

1. e4 Nf6 2. e5 Nd5 3. d4 d6 4. Nf3 dxe5 5. Nxe5 g6 6. Bc4 c6 7. Nc3 Bg7 8.
Nxd5 cxd5 9. Bb5+ Nd7 10. Bxd7+ Bxd7 11. Nxd7 Qxd7 12. O-O O-O 13. c3 e6 14.
Be3 Rfe8 15. Qd2 Rac8 16. Bh6 a6 17. Bxg7 Kxg7 18. h3 1/2-1/2

[Event "Mittelfrankenliga 05/06 (B2a)"]
[Site "Mfr.2005/06-R9"]
[Date "2006.04.30"]
[Round "9.6"]
[White "Huger, Horst"]
[Black "Bayer, Willi[53]"]
[Result "1/2-1/2"]
[WhiteElo "1825"]
[BlackElo "1609"]
[Annotator "Nbg.1911/2-Altensittenbach2"]
[PlyCount "37"]
[EventDate "2006.04.30"]
[SourceDate "2005.10.17"]

1. e4 c5 2. Nf3 d6 3. d4 cxd4 4. Nxd4 Nf6 5. Nc3 a6 6. g3 b5 7. a3 Bb7 8. Bg2
Nbd7 9. O-O e6 10. h3 Be7 11. Be3 Nc5 12. f3 Qc7 13. Qe2 O-O 14. Rad1 Rac8 15.
Kh1 Rfe8 16. Bg1 e5 17. Nf5 g6 18. Ne3 Ne6 19. Ned5 1/2-1/2

[Event "Mittelfrankenliga 05/06 (B2a)"]
[Site "Mfr.2005/06-R9"]
[Date "2006.04.30"]
[Round "9.7"]
[White "Schwarm, Werner"]
[Black "Wissmeier, Thomas"]
[Result "1/2-1/2"]
[WhiteElo "1809"]
[BlackElo "1748"]
[Annotator "Nbg.1911/2-Altensittenbach2"]
[PlyCount "31"]
[EventDate "2006.04.30"]
[SourceDate "2005.10.17"]

1. e4 c5 2. Nc3 Nc6 3. g3 g6 4. Bg2 Bg7 5. d3 d6 6. Be3 Nf6 7. h3 O-O 8. Qd2 a6
9. a4 Bd7 10. Bh6 Nd4 11. Bxg7 Kxg7 12. Nge2 b5 13. axb5 axb5 14. O-O e5 15.
Nxd4 cxd4 16. Nd5 1/2-1/2

[Event "Mittelfrankenliga 05/06 (B2a)"]
[Site "Mfr.2005/06-R9"]
[Date "2006.04.30"]
[Round "9.8"]
[White "Ammon, Ronald"]
[Black "Churt, Kerstin,Dr."]
[Result "1/2-1/2"]
[WhiteElo "1788"]
[BlackElo "1786"]
[Annotator "Nbg.1911/2-Altensittenbach2"]
[PlyCount "38"]
[EventDate "2006.04.30"]
[SourceDate "2005.10.17"]

1. e4 c5 2. Nf3 Nc6 3. Nc3 a6 4. d4 cxd4 5. Nxd4 d6 6. Be3 Nf6 7. Be2 e5 8. Nb3
Be6 9. O-O Be7 10. f4 exf4 11. Bxf4 O-O 12. Nd4 Qb6 13. Be3 Qxb2 14. Na4 Qa3
15. c3 Nxd4 16. Qxd4 b5 17. Nb6 Rad8 18. Nd5 Bxd5 19. exd5 Qc5 1/2-1/2

[Event "Mittelfrankenliga 05/06 (B2a)"]
[Site "Mfr.2005/06-R9"]
[Date "2006.04.30"]
[Round "9.1"]
[White "Rohrbach, Frank"]
[Black "Kuhlmann, Christoph,Dr."]
[Result "1/2-1/2"]
[WhiteElo "2097"]
[BlackElo "2079"]
[Annotator "Lauf1-Eckental1"]
[PlyCount "79"]
[EventDate "2006.04.30"]
[SourceDate "2005.10.17"]

1. d4 g6 2. e4 Bg7 3. c4 d6 4. Nc3 e5 5. dxe5 dxe5 6. Qxd8+ Kxd8 7. Be2 c6 8.
Be3 Nd7 9. Nf3 Bh6 10. Bxh6 Nxh6 11. h4 f6 12. Na4 Nf7 13. O-O Nf8 14. c5 Bg4
15. Nd4 Bxe2 16. Nxe2 Ne6 17. Rac1 Ke7 18. Rc4 Rhd8 19. Rb4 Rd7 20. f3 Nfd8 21.
Rc1 Rd2 22. Kf1 Nf4 23. Nxf4 exf4 24. Nc3 h6 25. Ne2 a5 26. Ra4 Ne6 27. b4 Rb2
28. bxa5 Rb5 29. h5 g5 30. Nd4 Nxd4 31. Rxd4 Rd8 32. Rxd8 Kxd8 33. Rc2 Rxa5 34.
Ke2 Rb5 35. Kd3 Ke7 36. Kc4 Rb1 37. Rd2 Rc1+ 38. Kd4 Rb1 39. Kc3 Rc1+ 40. Kd4
1/2-1/2

[Event "Mittelfrankenliga 05/06 (B2a)"]
[Site "Mfr.2005/06-R9"]
[Date "2006.04.30"]
[Round "9.2"]
[White "Hauernherm-Thoma, Wolfgang"]
[Black "Reichenbacher, Helmut,Dr."]
[Result "1-0"]
[WhiteElo "2036"]
[BlackElo "1837"]
[Annotator "Lauf1-Eckental1"]
[PlyCount "65"]
[EventDate "2006.04.30"]
[SourceDate "2005.10.17"]

1. d4 d5 2. Nf3 Nf6 3. e3 c5 4. c3 e6 5. Bd3 Nbd7 6. Nbd2 g6 7. O-O Bg7 8. Qe2
O-O 9. b3 Qc7 10. Bb2 e5 11. dxe5 Nxe5 12. Nxe5 Qxe5 13. Nf3 Qh5 14. Nd2 Bg4
15. f3 Be6 16. c4 Rfe8 17. Qf2 Qh6 18. Rae1 Ng4 19. fxg4 Bxb2 20. cxd5 Bxd5 21.
Nc4 Bc3 22. Rc1 Bxc4 23. Rxc3 Bxd3 24. Qxf7+ Kh8 25. Rxd3 Rf8 26. Qe7 Rxf1+ 27.
Kxf1 Qxh2 28. Rd7 Qh6 29. g5 Qh1+ 30. Kf2 Qh4+ 31. Ke2 Qg4+ 32. Kd2 Qxg2+ 33.
Kc3 1-0

[Event "Mittelfrankenliga 05/06 (B2a)"]
[Site "Mfr.2005/06-R9"]
[Date "2006.04.30"]
[Round "9.3"]
[White "Bauer, Klaus[66]"]
[Black "Puschak, Oliver"]
[Result "1/2-1/2"]
[WhiteElo "1798"]
[BlackElo "1918"]
[Annotator "Lauf1-Eckental1"]
[PlyCount "35"]
[EventDate "2006.04.30"]
[SourceDate "2005.10.17"]

1. e4 e6 2. d4 d5 3. Nd2 c5 4. c3 Nf6 5. e5 Nfd7 6. Ngf3 Nc6 7. Be2 Qb6 8. Nb3
cxd4 9. cxd4 f6 10. exf6 Nxf6 11. O-O Bd6 12. Be3 O-O 13. Ne5 Qc7 14. f4 Qb6
15. Rf3 a5 16. a4 Ne4 17. Bb5 Bxe5 18. fxe5 1/2-1/2

[Event "Mittelfrankenliga 05/06 (B2a)"]
[Site "Mfr.2005/06-R9"]
[Date "2006.04.30"]
[Round "9.4"]
[White "Petersammer, Georg"]
[Black "Collin, Klaus"]
[Result "1-0"]
[WhiteElo "1959"]
[BlackElo "1856"]
[Annotator "Lauf1-Eckental1"]
[PlyCount "54"]
[EventDate "2006.04.30"]
[SourceDate "2005.10.17"]

1. d4 d5 2. Nf3 Nf6 3. Nbd2 Nc6 4. e3 Bf5 5. c3 h6 6. Qa4 Nd7 7. Bb5 Ncb8 8.
O-O c6 9. Be2 e6 10. Re1 Bd6 11. Nf1 O-O 12. Qd1 e5 13. dxe5 Nxe5 14. Ng3 Bh7
15. Nd4 Nbd7 16. f4 Ng6 17. Bd3 Nf6 18. Qc2 c5 19. Nb5 c4 20. Bf5 Bc5 21. Nd4
Ne7 22. Bxh7+ Nxh7 23. Bd2 Bxd4 24. exd4 Nf6 25. Rad1 Qd7 26. Re2 Rae8 27. Rde1
Nc8 1-0

[Event "Mittelfrankenliga 05/06 (B2a)"]
[Site "Mfr.2005/06-R9"]
[Date "2006.04.30"]
[Round "9.5"]
[White "Laibold, Lorenz"]
[Black "Winkler, Marcus[78]"]
[Result "1/2-1/2"]
[WhiteElo "1794"]
[BlackElo "1812"]
[Annotator "Lauf1-Eckental1"]
[PlyCount "98"]
[EventDate "2006.04.30"]
[SourceDate "2005.10.17"]

1. e4 c6 2. d4 d5 3. Nc3 dxe4 4. Nxe4 Bf5 5. Ng3 Bg6 6. Nf3 Nf6 7. c3 e6 8. Qb3
Qc7 9. Bf4 Qb6 10. h4 h6 11. Ne5 Qxb3 12. axb3 Bc2 13. Nc4 Nbd7 14. Na5 Nd5 15.
Bd2 Rb8 16. Rc1 Bg6 17. c4 Nc7 18. h5 Bh7 19. Be2 Nf6 20. Bf3 Kd7 21. O-O Bd6
22. b4 a6 23. Rfd1 Rhc8 24. Ne2 Be4 25. Bxe4 Nxe4 26. c5 Be7 27. Bf4 Bg5 28.
Nc4 Bxf4 29. Nb6+ Ke8 30. Nxf4 Rd8 31. f3 Nf6 32. Kf2 Ncd5 33. Nbxd5 Nxd5 34.
Nxd5 Rxd5 35. g4 Rbd8 36. Ke3 Ke7 37. Rd2 e5 38. Rcd1 Ke6 39. dxe5 Rxd2 40.
Rxd2 Rxd2 41. Kxd2 Kxe5 42. Ke3 g5 43. hxg6 fxg6 44. f4+ Ke6 45. Ke4 h5 46. Kf3
Kd5 47. Kg3 Ke6 48. f5+ Kf6 49. fxg6 hxg4 1/2-1/2

[Event "Mittelfrankenliga 05/06 (B2a)"]
[Site "Mfr.2005/06-R9"]
[Date "2006.04.30"]
[Round "9.6"]
[White "Breitenbach, Albert"]
[Black "Hager, Lothar"]
[Result "1-0"]
[WhiteElo "1815"]
[BlackElo "1557"]
[Annotator "Lauf1-Eckental1"]
[PlyCount "85"]
[EventDate "2006.04.30"]
[SourceDate "2005.10.17"]

1. e4 c5 2. Nc3 e6 3. g3 Nc6 4. Bg2 g6 5. d3 Bg7 6. Be3 d6 7. Qd2 a6 8. a4 Bd7
9. f4 Rb8 10. Nf3 b5 11. axb5 axb5 12. e5 dxe5 13. Ne4 Nd4 14. Nd6+ Ke7 15.
Nxe5 Bxe5 16. fxe5 h6 17. Bxd4 cxd4 18. Qb4 Kf8 19. Nf5+ Ne7 20. Nd6 Nc6 21.
Bxc6 Bxc6 22. Nf5+ Kg8 23. Ne7+ Kg7 24. Nxc6 Qd5 25. O-O Qxc6 26. Qe7 Rhf8 27.
Ra7 Qe8 28. Qf6+ Kg8 29. Re7 Qd8 30. Rxf7 Qxf6 31. R7xf6 Kg7 32. Rxf8 Rxf8 33.
Rxf8 Kxf8 34. Kf2 Ke7 35. Kf3 Kd7 36. Ke4 Kc6 37. Kxd4 g5 38. b4 Kb6 39. c4 Kc6
40. Ke4 Kb6 41. h4 Kc6 42. hxg5 hxg5 43. Kf3 1-0